2016 PDC World Darts Championship participants - Statistics

General Stats
  • This quiz has been taken 21 times
  • The average score is 39 of 72
Answer Stats
Rank Country Answer % Correct
5 England Adrian Lewis
100%
2 Scotland Gary Anderson
100%
31 Wales Jamie Lewis
100%
PT14 Australia Kyle Anderson
100%
4 Scotland Peter Wright
100%
3 England Phil Taylor
100%
8 England Michael Smith
94%
1 Netherlands Michael Van Gerwen
94%
10 Australia Simon Whitlock
94%
PT2 Wales Gerwyn Price
83%
7 England James Wade
83%
6 Scotland Robert Thornton
83%
PT4 Northern Ireland Daryl Gurney
78%
13 England Dave Chisnall
78%
12 Belgium Kim Huybrechts
78%
16 Netherlands Raymond Van Barneveld
78%
PT11 Belgium Ronny Huybrechts
78%
18 Northern Ireland Brendan Dolan
72%
PT16 England Darren Webster
72%
19 Netherlands Jelle Klaasen
72%
22 Wales Mark Webster
72%
17 England Stephen Bunting
72%
15 Netherlands Vincent van der Voort
72%
PT6 Germany Max Hopp
67%
21 Austria Mensur Suljovic
67%
IQ Singapore Paul Lim
67%
32 Scotland John Henderson
61%
14 England Mervyn King
61%
PT7 Austria Rowby John Rodriguez
61%
PT9 Spain Cristo Reyes
56%
EPT1 Belgium Dimitri van den Bergh
56%
30 England Kevin Painter
56%
11 England Terry Jenkins
56%
9 England Ian White
50%
IQ Greece John Michael
50%
PT5 England Keegan Brown
50%
IQ Denmark Per Laursen
50%
25 England Steve Beaton
50%
27 England Andy Hamilton
44%
PT8 Netherlands Christian Kist
44%
23 England Jamie Caven
44%
EPT3 Germany Jyhan Artut
44%
PDPA1 England Ricky Evans
44%
IQ China Sun Qiang
44%
PT1 England Alan Norris
39%
24 Netherlands Benito van de Pas
39%
IQ USA Darin Young
39%
EPT2 Netherlands Jan Dekker
39%
PT13 Netherlands Jeffrey de Zwaan
39%
PT15 England Joe Cullen
39%
20 England Justin Pipe
39%
IQ Ireland Mick McGowan
39%
IQ Germany Rene Eidams
39%
IQ Russia Aleksandr Oreshkin
33%
28 England Andrew Gilding
33%
PT12 Netherlands Dirk van Duijvenbode
33%
IQ Finland Kim Viljanen
33%
IQ Thailand Thanawat Gaweenuntawong
33%
26 England Wes Newton
33%
PDPA2 England Andy Boulton
28%
29 England Dean Winstanley
28%
EPT4 Netherlands Jermaine Wattimena
28%
PT3 England Joe Murnan
22%
IQ Japan Keita Ono
22%
IQ Austria Michael Rasztovits
22%
PT10 England David Pallett
17%
IQ Australia Laurence Ryder
17%
IQ New Zealand Rob Szabo
17%
IQ South Africa Warrick Scheffer
17%
IQ Philippines Alex Tagarao
11%
IQ New Zealand Koha Kokiri
11%
IQ Netherlands Sven Groen
11%
No matching quizzes found
Score Distribution
Percent of People with Each Score
Percentile by Number Answered
Your Score History
You have not taken this quiz